000 01141nam a2200289 i 4500
001 bg
003 KOSZ 005
005 20191012112057.0
008 080223s1963 pl a f |001 0 pol
015 _aPB 1964/172
040 _aWA N
_cKOSZ 005/RW
_dKOSZ 005/RW
080 _a548:546
100 1 _aAzároff, Leonid V.
245 1 0 _aStruktura i własności ciał stałych /
_cLeonid V. Azároff ; tł. z ang. Zdzisław Gałdecki.
246 1 _iTyt. oryg.:
_aIntroduction to solids.
260 _aWarszawa :
_bWydawnictwa Naukowo-Techniczne,
_c1964.
300 _a456, [2] s. :
_bil. ;
_c25 cm.
380 _aKsiążki.
504 _aBibliogr. s. 433-[434]. Indeks.
521 8 _aDla magistrów i inżynierów chemików, fizyków, elektryków, krystalografów, mineralogów i metalurgów oraz dla studentów.
650 4 _aKryształy
_xfizyka.
650 4 _aCiało stałe
700 1 _aGałdecki, Zdzisław.
_eTł.
710 2 _aWydawnictwa Naukowo-Techniczne
_4pbl.
856 _uhttp://koha.tu.koszalin.pl/cgi-bin/koha/opac-detail.pl?biblionumber=10695
_yKatalog online BPK
942 _2UKD
_cKS
999 _c10695
_d10695